000 00614nam a2200205Ia 4500
003 GCL
008 140319s9999 xx 000 0 ara d
040 _aGCL /
_cGCL
082 0 4 _a345
_bم ق
100 1 _aمحمد زكى ابوعامر
245 1 0 _aقانون العقوبات القسم العام /
_cمحمد زكى ابوعامر
260 _a[S.N] :
_bدار المطبوعات الجامعية ،
_c1986
300 _a639 ص
490 _a
650 0 4 _aالقانون الجنائى
650 0 4 _aالقانون
650 0 4 _aمصر
650 0 4 _aقانون العقوبات
942 _2ddc
_cBK
999 _c34516
_d34516